|
|
|
|
| LEADER |
00000nab a2200000 ar4500 |
| 001 |
vtls009286053 |
| 003 |
SK-MaSNL |
| 005 |
20260303184040.0 |
| 008 |
080416c2008 xo mr|p|||||||000 b|slo |
| 015 |
|
|
|a SNBRB2008/04
|2 snkbucl
|
| 038 |
|
|
|a SNKBUCL
|
| 040 |
|
|
|a SNKBUCL
|b slo
|c SNKBUCL
|e AACR2
|
| 041 |
0 |
|
|a slo
|
| 044 |
|
|
|a xo
|c SK
|
| 080 |
|
|
|a 72.038.42
|2 2001
|
| 100 |
1 |
|
|a Zumthor, Peter,
|d 1943-
|4 aut
|9 1035243
|
| 245 |
1 |
0 |
|a Tvrdá podstata krásy
|n /2/
|c Peter Zumthor ; preklad Barbora Šajgalíková
|
| 300 |
|
|
|b Obr.
|
| 650 |
0 |
7 |
|a architektúra
|2 snkbucl
|9 722
|
| 650 |
0 |
7 |
|a minimal art
|2 snkbucl
|9 97847
|
| 700 |
1 |
|
|a Šajgalíková, Barbora,
|d 1980-
|4 trl
|9 113275
|
| 773 |
0 |
|
|t ARCH
|g Roč. 13, č. 3 (2008), s. 63-64
|x 1335-3268
|
| 852 |
|
|
|a SNK
|b KIS3GCP
|
| 999 |
|
|
|c 2124653
|d 2126583
|